[Event "Izmir op 15th"]
[Site "Izmir"]
[Date "2016.09.05"]
[Round "1"]
[White "Zor, Alber Kadir"]
[Black "Tekesin, Mert"]
[Result "1-0"]
[WhiteElo "2104"]
[BlackElo "1505"]
[PlyCount "93"]
[EventDate "2016.09.05"]
[EventType "swiss"]
[EventRounds "9"]
[EventCountry "TUR"]
[SourceTitle "CBM 174 Extra"]
[Source "ChessBase"]
[SourceDate "2016.10.10"]
[SourceVersion "1"]
[SourceVersionDate "2016.10.10"]
[SourceQuality "1"]

1. d4 c6 2. Bf4 Nf6 3. e3 d5 4. c4 Bf5 5. Nc3 e6 6. Qb3 Qb6 7. c5 Qxb3 8. axb3 Nbd7 9. b4 Nh5 10. b5 Nxf4 11. exf4 Be7 12. Nf3 0-0 13. Kd2 f6 14. Nh4 Bg4 15. h3 Bh5 16. g4 Bf7 17. bxc6 bxc6 18. Ra6 Nb8 19. Ra2 Nd7 20. Bd3 e5 21. Nf5 Bxc5 22. dxc5 d4 23. Ra5 dxc3+ 24. Kxc3 Bd5 25. Ne7+ Kf7 26. Nxd5 cxd5 27. Rha1 Rfc8 28. b4 Rc7 29. Bc2 d4+ 30. Kc4 Nb6+ 31. Kd3 Nc8 32. Rb5 Ne7 33. fxe5 fxe5 34. Ke4 Kf6 35. h4 Re8 36. Bb3 g5 37. Ra6+ Rc6 38. Rba5 gxh4 39. Ba4 Rxa6 40. Rxa6+ Kf7 41. Bxe8+ Kxe8 42. b5 h3 43. Rh6 Ng6 44. Rxh3 Nf4 45. Rxh7 d3 46. b6 Ne6 47. bxa7 1-0